| 000 | 00994nam a2200253 a 4500 | ||
|---|---|---|---|
| 001 | 000006715 | ||
| 003 | DO-SdBNP | ||
| 005 | 20230405104000.0 | ||
| 007 | ta | ||
| 008 | 090902s1983 dr 000 j spa d | ||
| 040 |
_aDO-SdBNP _bspa _cBNPHU |
||
| 082 | 4 |
_a330.97293 _bS623a _222 |
|
| 245 | 0 | 3 |
_aLa situación actual dominicana y sus perspectivas / _cpresentación Rolando Tabar Manzur. |
| 260 |
_aSanto Domingo : _bCIDOS, _c1983. |
||
| 300 |
_a111 p. ; _c19 cm. |
||
| 500 | _aIncluye referencias bibliográficas y notas al pie de las páginas | ||
| 590 | _aInventariado, 2018/VM | ||
| 651 | 4 |
_aRepública Dominicana _xCondiciones económicas _xCongresos, conferencias, etc. _98547 |
|
| 651 | 4 |
_aRepública Dominicana _xPolítica y gobierno _y1961 _xCongresos, conferencias, etc. _918688 |
|
| 700 | 1 |
_aTabar Manzur, Rolando _918689 |
|
| 710 | 2 |
_aCentro de Investigación y Documentación Social (República Dominicana) _918690 |
|
| 910 | _aValidado. Control de calidad MFF | ||
| 942 |
_2ddc _cLBS1 |
||
| 999 |
_c6504 _d6504 |
||